| 000 | 01114nam0a22002891 4500 | ||
|---|---|---|---|
| 001 | rc\3367998 | ||
| 005 | 20130115153122.0 | ||
| 021 |
_aRU _b[73-85618] |
||
| 035 | _a(NLR Aleph) 007544009 | ||
| 090 |
_a9779893 _c9779893 |
||
| 100 | _a20130115d1973 |||y0rusy50 ca | ||
| 101 | 0 | _arus | |
| 102 | _aRU | ||
| 105 | _aa z |||a| | ||
| 200 | 1 |
_aДачо-изобретатель _eРассказ _e[Для дошкольного возраста] _fПересказал с груз. А. Эбаноидзе _gРис. М. Скобелева |
|
| 210 |
_aМосква _cДет. лит. _d1973 |
||
| 215 |
_a[16] с. _cил. _d27 |
||
| 300 | _aВ вып. дан. авт.: Отиа Шалович[!] Иоселиани | ||
| 700 | 1 |
_6z01790 _aИоселиани _bО. _f1930- _gОтиа |
|
| 702 | 1 |
_aСкобелев _bМ. _4440 |
|
| 702 | 1 |
_aЭбаноидзе _bА. Л. _gАлександр Луарсабович _4570 |
|
| 790 | 1 |
_6z01700 _aИоселиани _bО. Ш.[!] _f1930- _gОтиа Шалович[!] |
|
| 801 | 0 |
_aRU _bNLR _gpsbo |
|
| 801 | 1 |
_aRU _bELAR _2rusmarc |
|
| 852 |
_aNLR _j73-8/1716 |
||
| 942 | _cBOOK | ||
| 980 | _aNB | ||